Madison Beer - locket - Statistics

General Stats
  • This quiz has been taken 74 times
  • The average score is 10 of 11
Answer Stats
2025 locket % Correct
2 yes baby
95%
8 bittersweet
91%
10 make you mine
91%
3 angel wings
90%
1 locket theme
90%
5 bad enough
86%
9 complexity
83%
11 nothing at all
83%
7 you're still everything
83%
4 for the night
81%
6 healthy habit
79%
No matching quizzes found
Score Distribution
Percent of People with Each Score
Percentile by Number Answered
Your Score History
You have not taken this quiz